<?xml version="1.0" encoding="UTF-8"?>
<marc:record xmlns:marc="http://www.loc.gov/MARC21/slim">
   <marc:leader>00000nam a2200000 a 4500</marc:leader>
   <marc:datafield ind1="1" ind2=" " tag="100">
      <marc:subfield code="a">Louis, Lia</marc:subfield>
      <marc:subfield code="4">aut</marc:subfield>
      <marc:subfield code="e">Verfasser/-in</marc:subfield>
   </marc:datafield>
   <marc:datafield ind1="1" ind2=" " tag="100">
      <marc:subfield code="a">Dünninger, Veronika</marc:subfield>
   </marc:datafield>
   <marc:datafield ind1=" " ind2=" " tag="653">
      <marc:subfield code="a">Liebesroman</marc:subfield>
   </marc:datafield>
   <marc:datafield ind1=" " ind2=" " tag="653">
      <marc:subfield code="a">Britische Literatur</marc:subfield>
   </marc:datafield>
   <marc:datafield ind1="0" ind2="0" tag="245">
      <marc:subfield code="a">21 Tage zum Verlieben</marc:subfield>
   </marc:datafield>
   <marc:datafield ind1="0" ind2="0" tag="245">
      <marc:subfield code="b">Roman</marc:subfield>
   </marc:datafield>
   <marc:datafield ind1="0" ind2="0" tag="245">
      <marc:subfield code="c">Louis, Lia</marc:subfield>
   </marc:datafield>
   <marc:datafield ind1=" " ind2="1" tag="264">
      <marc:subfield code="a">München</marc:subfield>
      <marc:subfield code="b">Penguin</marc:subfield>
      <marc:subfield code="c">2026</marc:subfield>
   </marc:datafield>
   <marc:datafield ind1=" " ind2=" " tag="250">
      <marc:subfield code="a">Deutsche Erstausgabe</marc:subfield>
   </marc:datafield>
   <marc:datafield ind1="1" ind2=" " tag="520">
      <marc:subfield code="a">Ein Moment. Ein Tausch. Ein Herz, das nie wieder dasselbe sein wird.&#xD;
&#xD;
Allie glaubt nicht an die große Liebe, sie analysiert sie lieber mit wissenschaftlicher Präzision. Als sie nach einem langen Forschungsprojekt erschöpft in ihre Heimat London zurückkehrt, stellt sie entsetzt fest, dass sie auf dem Flug ihr Handy mit ihrem Sitznachbarn vertauscht hat. Und dass dieser Unbekannte niemand Geringeres als Milo Ford war: der charmante Filmstar und wandelnde Inbegriff von Romantik. Kurzerhand beschließen die beiden, das digitale Leben des anderen zu übernehmen, bis sie zurücktauschen können – denn Milo ist in den rumänischen Bergen, ohne Kurierdienst, ohne eine Möglichkeit sich zu treffen für die nächsten 21 Tage. Doch während sie sich durch fremde Nachrichten, intime Einblicke und unerwartete Offenbarungen navigieren, wächst eine Verbindung, die keiner von beiden kommen sieht.</marc:subfield>
   </marc:datafield>
   <marc:datafield ind1=" " ind2=" " tag="020">
      <marc:subfield code="a">9783328113270</marc:subfield>
      <marc:subfield code="9">9783328113270</marc:subfield>
   </marc:datafield>
   <marc:datafield ind1=" " ind2=" " tag="041">
      <marc:subfield code="a">ger</marc:subfield>
   </marc:datafield>
   <marc:datafield ind1=" " ind2=" " tag="338">
      <marc:subfield code="a">Band</marc:subfield>
   </marc:datafield>
   <marc:datafield ind1=" " ind2=" " tag="300">
      <marc:subfield code="a">432 Seiten</marc:subfield>
   </marc:datafield>
</marc:record>
